Top 10 – Best-Selling Books (Estimated) - Statistics

General Stats
  • This quiz has been taken 20 times
  • The average score is 3 of 10
Answer Stats
Numbers of solds Books % Correct
~5 000 000 000 The Bible
95%
~120 000 000 Harry Potter and the Sorcerer’s Stone
89%
~800 000 000 The Quran
53%
~150 000 000 The Lord of the Rings
47%
~200 000 000 A Tale of Two Cities
26%
~200 000 000 The Little Prince
16%
~500,000,000 Don Quixote
11%
~100 000 000 And Then There Were None
5%
~800,000,000 Quotations from Chairman Mao Zedong
5%
~100 000 000 Dream of the Red Chamber
0%
No matching quizzes found
Score Distribution
Percent of People with Each Score
Percentile by Number Answered
Your Score History
You have not taken this quiz